Statistics for One NBA 2017 Player By Letter By Division

Click here to take the quiz!

General Stats

  • This quiz has been taken 57 times
  • The average score is 52 of 127

Answer Stats

HintAnswer% Correct
LeBron James, Richard Jefferson, James Jones, Reggie Jackson, Stanley Johnson, Al JeffersonLeBron James +5
95%
Ian Clark, Stephen Curry, Jamal Crawford, Omri Casspi, Willie Cauley-Stein, Darren Collison, DeMarcus Cousins, Jose Calderon, Jordan Clarkson, Tyson Chandler, Marquese ChrissStephen Curry +10
86%
Clint Capela, Vince Carter, Mike Conley, Dante Cunningham, Seth CurryMike Conley +4
83%
Pau Gasol, Manu Ginobili, Danny Green, Eric Gordon, Marc Gasol, JaMychal Green, Langston Galloway, Jonathan GibsonMarc Gasol +7
79%
Trey Lyles, Joffrey Lauvergne, Jake Layman, Meyers Leonard, Damian Lillard, Zach LaVine, John Lucas IIIDamian Lillard +6
76%
James Harden, Montrezl Harrell, Andrew Harrison, Buddy Hield, Solomon Hill, Jrue Holiday, AJ Hammons, Devin HarrisJames Harden +7
76%
Jeff Withey, Russell Westbrook, Andrew WigginsRussell Westbrook +2
76%
David West, Louis Williams, Metta World Peace, TJ Warren, Alan WilliamsTJ Warren +4
76%
Isaiah Thomas, Lance Thomas, Hollis ThompsonIsaiah Thomas +2
74%
Kevin Durant, Luol Deng, Jared DudleyKevin Durant +2
74%
Treveon Graham, Marcin Gortat, Aaron Gordon, Jeff GreenMarcin Gortat +1
74%
Draymond Green, Blake Griffin, Rudy GayDraymond Green +2
71%
Chris Andersen, Giannis Antetokounmpo, Lavoy AllenGiannis Antetokounmpo +2
71%
Kyrie IrvingKyrie Irving
71%
Tristan Thompson, Mirza Teletovic, Jason Terry, Jeff Teague, Myles TurnerJeff Teague +5
69%
Carmelo AnthonyCarmelo Anthony
67%
Zaza Pachulia, Chris Paul, Paul Pierce, Georgios PapagiannisChris Paul +3
67%
Mo Williams, Dwyane WadeDwyane Wade +1
67%
Boris Diaw, Ed Davis, Gorgui Dieng, Kris DunnGorgui Dieng +3
67%
Kemba Walker, Marvin Williams, Christian Wood, John Wall, C.J. Watson, CJ Wilcox, Dion Waiters, Hassan Whiteside, Derrick Williams, Justise WinslowKemba Walker +5
67%
LaMarcus Aldridge, Kyle Anderson, Ryan Anderson, Trevor Ariza, Tony Allen, Alexis Ajinca, Omer Asik, Justin AndersonLaMarcus Aldridge +7
67%
Davis Bertans, Patrick Beverley, Corey Brewer, Wade Baldwin, Anthony Brown, J.J. Barea, Harrison Barnes, Andrew Bogut, Nicolas BrussinoAndrew Bogut +8
64%
Avery Bradley, Jaylen Brown, Ron Baker, Anthony Bennett, Trevor Booker, Bojan Bogdanovic, Jerryd BaylessAvery Bradley +6
64%
Kyle Lowry, Courtney Lee, Caris LeVert, Jeremy Lin, Brook Lopez, Timothe LuwawuKyle Lowry +5
64%
Al Horford, Willy Hernangomez, Justin Holiday, Justin Hamilton, Joe Harris, Rondae Hollis-Jefferson, Gerald Henderson, Richaun HolmesAl Horford +7
62%
Dewayne Dedmon, Sam Dekker, Troy Daniels, Deyonta Davis, Toney Douglas, Anthony Davis, Cheick DialloAnthony Davis +6
62%
Damian Jones, Brice Johnson, Wesley Johnson, DeAndre Jordan, John Jenkins, JR., Derrick JonesDeAndre Jordan +5
62%
Nicolas Laprovittola, David Lee, Kawhi LeonardKawhi Leonard +2
62%
DeAndre Liggins, Kevin Love, Jon Leuer, Robin LopezKevin Love +3
62%
Klay Thompson, Garrett Temple, Anthony Tolliver, P.J. TuckerKlay Thompson +3
62%
Cory Joseph, Demetrius Jackson, Jonas Jerebko, Amir Johnson, Brandon JenningsAmir Johnson +4
60%
DeMar De Rozan, Spencer DinwiddieDeMar De Rozan +1
60%
Ramon Sessions, Dennis Schroder, Mike Scott, Thabo Sefolosha, Tiago Splitter, Tomas Satoransky, Jason SmithDennis Schroder +4
60%
Gerald GreenGerald Green
60%
Nicolas Batum, Marco Belinelli, Kent Bazemore, DeAndre' Bembry, Bradley Beal, Trey Burke, Bismack Biyombo, Luke Babbitt, Chris BoshNicolas Batum +8
60%
Michael Gbinije, Taj Gibson, Jerian Grant, Paul GeorgePaul George +3
60%
J.J. Redick, Austin Rivers, Malachi Richardson, Julius Randle, Thomas Robinson, D'Angelo RussellD'Angelo Russell +5
57%
Gordon Hayward, George Hill, Rodney Hood, Josh Huestis, Maurice Harkless, Gary Harris, Juancho Hernangomez, Jordan HillGordon Hayward +7
57%
Jabari Parker, Miles Plumlee, Bobby PortisJabari Parker +2
57%
Michael Beasley, Malcolm Brogdon, Aron Baynes, Reggie Bullock, Jimmy Butler, Aaron BrooksJimmy Butler +5
57%
Kentavious Caldwell-Pope, Isaiah Canaan, Michael Carter-Williams, Rakeem ChristmasKentavious Caldwell-Pope +3
57%
Jordan McRae, Thon Maker, Khris Middleton, Greg Monroe, Boban Marjanovic, Marcus Morris, Doug McDermott, Nikola Mirotic, C.J. MilesKhris Middleton +8
57%
Paul Millsap, Mike Muscala, Ian Mahinmi, Sheldon McClellan, Markieff Morris, Jodie Meeks, Rodney McGruder, Josh McRobertsPaul Millsap +7
57%
Brandon Bass, Matt Barnes, Tarik Black, Leandro Barbosa, Dragan Bender, Eric Bledsoe, Devin BookerEric Bledsoe +6
55%
Joel EmbiidJoel Embiid
55%
Iman Shumpert, J.R. Smith, Tony Snell, Ish Smith, Kevin Seraphin, Rodney StuckeyJ.R. Smith +5
55%
Joe Johnson, Nikola Jokic, Tyus JonesNikola Jokic +2
55%
Mike Dunleavy, Matthew Dellavedova, Andre DrummondAndre Drummond +2
52%
Shelvin Mack, Anthony Morrow, C.J. McCollum, Mike Miller, Emmanuel Mudiay, Jamal Murray, Shabazz MuhammadC.J. McCollum +6
52%
Aaron Harrison, Spencer Hawes, Roy Hibbert, Tim Hardaway Jr., Dwight Howard, Kris Humphries, Danuel House, Mario Hezonja, Udonis HaslemDwight Howard +8
52%
Patty Mills,Dejounte Murray, KJ McDaniels, Donatas Motiejunas, Jarell Martin, E'Twaun Moore, Wesley Matthews, Salah MejriWesley Matthews +7
52%
Alan Anderson, Arron AfflaloArron Afflalo +1
50%
Jonas Valanciunas, Fred VanVleet, Sasha VujacicJonas Valanciunas +2
50%
Rajon Rondo, Glenn RobinsonRajon Rondo +1
50%
Tony Parker, Chandler Parsons, Quincy Pondexter, Dwight PowellTony Parker +3
50%
James Johnson, Tyler JohnsonTyler Johnson +1
50%
Pascal Siakam, Jared Sullinger, Marcus Smart, Luis Scola, Dario Saric, Ben Simmons, Nik StaukasBen Simmons +6
48%
Terrence Ross, Terry Rozier, Derrick Rose, Sergio RodriguezDerrick Rose +3
48%
Evan Turner, Karl-Anthony TownsKarl-Anthony Towns +1
48%
Frank Kaminsky, Michael Kidd-Gilchrist, Ryan Kelly, Kyle KorverKyle Korver +3
48%
DeMarre Carroll, Bruno Caboclo, Jae Crowder, Robert CovingtonDeMarre Carroll +3
45%
Kyle Wiltjer, Troy Williams, Brandan Wright, Deron WilliamsDeron Williams +2
45%
Rudy Gobert, Jerami Grant, Danilo Gallinari, Alonzo GeeRudy Gobert +3
45%
Shaun Livingston, Kevon Looney, Skal Labissiere, Ty Lawson, Alex LenShaun Livingston +4
45%
Patrick Patterson, Jakob Poeltl, Norman Powell, Marshall Plumlee, Kristaps PorzingisKristaps Porzingis +4
43%
Alejandro Abrines, Steven Adams, Al-Farouq Aminu, Darrell Arthur, Cole AldrichSteven Adams +4
43%
James Michael McAdoo, Patrick McCaw, JaVale McGee, Luc Mbah a Moute, Ben McLemore, Timofey MozgovTimofey Mozgov +5
43%
Andre Iguodala, Brandon IngramAndre Iguodala +1
40%
Lucas Nogueira, Maurice Ndour, Joakim Noah, Nerlens NoelJoakim Noah +3
40%
Taurean Prince, Otto Porter, Elfrid PaytonOtto Porter +2
40%
Cody Zeller, Stephen ZimmermanCody Zeller +1
38%
Andre Roberson, Ricky Rubio, Brandon RushRicky Rubio +2
38%
Tyler ZellerTyler Zeller
38%
Victor OladipoVictor Oladipo
38%
Derrick Favors, Kenneth FariedDerrick Favors +1
36%
Nene, Dirk NowitzkiDirk Nowitzki +1
36%
Malcom Delaney, Goran DragicGoran Dragic +1
36%
Serge IbakaSerge Ibaka
36%
Semaj Christon, Nick Collison, Pat Connaughton, Allen Crabbe, Wilson ChandlerAllen Crabbe +4
33%
James YoungJames Young
33%
Jonathon SimmonsJonathon Simmons
33%
Nick YoungNick Young
33%
Raul Neto, Shabazz Napier, Jameer Nelson, Jusuf NurkicRaul Neto +3
33%
Joe Young, Thaddeus YoungThaddeus Young +1
33%
John Henson, Tobias Harris, Darrun Hilliard, RJ HunterTobias Harris +3
33%
Brian Roberts, Damjan Rudez, Willie Reed, Josh RichardsonBrian Roberts +3
31%
Kelly Olynyk, Kyle O'Quinn, Jahlil OkaforJahlil Okafor +2
31%
Henry Ellenson, Monta EllisMonta Ellis +1
31%
Zach RandolphZach Randolph
29%
Evan FournierEvan Fournier
26%
Kosta Koufos, Brandon Knight,Kosta Koufos +1
26%
Cameron Payne, Mason Plumlee, Adreian Payne, Nikola PekovicMason Plumlee +3
26%
Enes KanterEnes Kanter
24%
Nikola VucevicNikola Vucevic
24%
Terrence JonesTerrence Jones
24%
Tyler Ennis, James Ennis, Tyreke EvansTyreke Evans +2
21%
Domantas Sabonis, Kyle SinglerDomantas Sabonis +1
19%
Joel Bolomboy, Alec Burks, Will Barton, Malik Beasley, Nemanja BjelicaAlec Burks +4
17%
Kay Felder, Channing Frye, Cristiano FelicioChanning Frye +2
17%
Mindaugas Kuzminskas, Sean KilpatrickSean Kilpatrick +1
17%
Ersan IlyasovaErsan Ilyasova
14%
Bryn Forbes, Tim Frazier, Dorian Finney-SmithTim Frazier +2
14%
Ivica ZubacIvica Zubac
12%
Jeremy LambJeremy Lamb
12%
Jordan Mickey, Chris McCullough, TJ McConnellJordan Mickey +2
12%
Beno UdrihBeno Udrih
10%
Dante Exum, Festus EzeliFestus Ezeli +1
10%
Yogi Ferrell, Randy FoyeRandy Foye +1
10%
Delon Wright, Isaiah WhiteheadDelon Wright +1
7%
D.J. AugustinD.J. Augustin
7%
Joe InglesJoe Ingles
7%
Larry Nance Jr.Larry Nance Jr.
7%
Raymond FeltonRaymond Felton
7%
Tyler UlisTyler Ulis
7%
Wayne EllingtonWayne Ellington
7%
Marcelo HuertasMarcelo Huertas
5%
Marreese Speights, Diamond StoneMarreese Speights +1
5%
Anderson VarejaoAnderson Varejao
2%
Marcus ThorntonMarcus Thornton
2%
Noah VonlehNoah Vonleh
2%
Rashad Vaughn, Denzel ValentineRashad Vaughn +1
2%
Steve Novak, Georges NiangSteve Novak +1
2%
Tim QuartermanTim Quarterman
2%
Andrew NicholsonAndrew Nicholson
0%
Chinanu OnuakuChinanu Onuaku
0%
Daniel Ochefu, Kelly Oubre, Arinze OnuakuKelly Oubre +2
0%
Paul ZipserPaul Zipser
0%

Score Distribution

Percentile by Number Answered

Percent of People with Each Score

Your Score History

You have not taken this quiz